|
|
|
|
| LEADER |
00000nam0a2200000 4500 |
| 001 |
297853 |
| 005 |
20231102001040.0 |
| 010 |
|
|
|a 5827000663
|
| 035 |
|
|
|a (RuTPU)RU\TPU\book\322988
|
| 090 |
|
|
|a 297853
|
| 100 |
|
|
|a 20150611d1993 d y0rusy50 ca
|
| 101 |
0 |
|
|a rus
|
| 102 |
|
|
|a RU
|
| 105 |
|
|
|a a z 001zb
|
| 200 |
1 |
|
|a Этот неповторимый "Медвежий цирк" : рассказ о народном артисте России В. Филатове и его прославленном атракционе
|
| 210 |
|
|
|a Саратов
|c Приволжское книжное издательство
|d 1993
|
| 215 |
|
|
|a 137 с.
|c ил.
|
| 320 |
|
|
|a Вступительная статья: с. 3-8
|
| 606 |
1 |
|
|a Цирк
|2 stltpush
|3 (RuTPU)RU\TPU\subj\18320
|9 43775
|
| 610 |
1 |
|
|a научно-популярная литература
|
| 610 |
1 |
|
|a рассказы
|
| 610 |
1 |
|
|a цирк
|
| 610 |
1 |
|
|a дрессировка
|
| 610 |
1 |
|
|a животные
|
| 610 |
1 |
|
|a СССР
|
| 675 |
|
|
|a 791.8
|v 4
|
| 700 |
|
1 |
|a Кривенко
|b Н. В.
|g Николай Васильевич
|
| 701 |
|
1 |
|a Макаров
|b С. М.
|g Сергей Макарович
|4 070
|
| 702 |
|
1 |
|a Катков
|b С. В.
|4 340
|
| 801 |
|
1 |
|a RU
|b 63413507
|c 20150611
|
| 801 |
|
2 |
|a RU
|b 63413507
|c 20210326
|g RCR
|
| 942 |
|
|
|c BK
|